| 000 | 01742nam a2200337 i 4500 | ||
|---|---|---|---|
| 003 | DO-SdBNP | ||
| 005 | 20260305073952.0 | ||
| 006 | a||||gr|||| 00| 0 | ||
| 007 | ta | ||
| 008 | 230623t2011 dr ao||| |||| 00| 0 spa d | ||
| 020 | _a9789945443622 (serie) | ||
| 020 | _a9789945443677 (v.43) | ||
| 040 |
_aDO-SdBNP _bspa _cBNPHU _erda |
||
| 082 | 4 |
_222 _bM766a, 2011 |
|
| 245 | 1 | 0 |
_aArte taíno. / _cHonorio Montás, Pedro José Boreell, Frank Moya Pons; prólogo, Valdez Albizu. |
| 250 | _a2da. edición | ||
| 264 | 4 |
_aSanto Domingo : _bBanco Central de la República Dominicana, _c©2011 |
|
| 300 |
_a244 página : _bIlustraciones, fotografías, _c30 cm. |
||
| 336 |
_2rdaconten _atexto _btxt |
||
| 337 |
_2rdamedia _asin medición _bn |
||
| 338 |
_2rdacarrier _avolumen _bnc |
||
| 490 | 1 |
_aArte y Literatura ; _v16 |
|
| 500 | _aIncluye pie de foto. | ||
| 505 |
_aPrólogo a la segunda edición del año 2011. _tPrólogo a la segunda edición del año 2003.-- _tPrólogo a la reimpresión del año 2003.-- _tPrólogo a la reimpresión del año 1985.-- _tPrólogo a la primera edición del año 1983.-- _tLos Taínos.-- Objetos utilizados en el ritual de la cohoba.-- Adornos personales.-- Recipientes.-- Objetos utilitarios.-- Objetos y diseños ceremoniales o de juego.-- Pictografías.-- Coleccionistas.-- Isla de procedencia.-- Medidas.-- obras consultadas.-- Colección del Banco Central de la República Dominicana. |
||
| 590 | _aInventariado 2023 / MF | ||
| 700 | 1 |
_aBorrell, Pedro José _983587 |
|
| 700 | 1 |
_aMoya Pons, Frank, _d1944- _92095 |
|
| 700 | 1 |
_aValdez Albizu, Héctor, _d1947- _eprólogo _912322 |
|
| 830 |
_aBanco Central de la República Dominicana ; _lspa _n43. _pSerie Arte y Literatura ; 16 _983588 |
||
| 942 |
_2ddc _cLBS1 |
||
| 999 |
_c53933 _d53933 |
||